महाभाष्यम् पतन्जलिमुनि-विरचितं हिंदी व्याख्या सहित (Record no. 1067344)

MARC details
000 -LEADER
fixed length control field 00959nam a2200265Ia 4500
003 - CONTROL NUMBER IDENTIFIER
control field OSt
005 - DATE AND TIME OF LATEST TRANSACTION
control field 20221005133615.0
008 - FIXED-LENGTH DATA ELEMENTS--GENERAL INFORMATION
fixed length control field 221004b |||||||| |||| 00| 0 hin d
020 ## - INTERNATIONAL STANDARD BOOK NUMBER
International Standard Book Number 8185060630 (pbk)
037 ## - SOURCE OF ACQUISITION
Terms of availability Textual
040 ## - CATALOGING SOURCE
Original cataloging agency CRL
Transcribing agency CRL
Language of cataloging hin
041 ## - LANGUAGE CODE
Source of code hin
Language code of text/sound track or separate title hin
100 ## - MAIN ENTRY--PERSONAL NAME
Personal name मीमांसक, यधिष्ठिरो, अनु.
245 #0 - TITLE STATEMENT
Title महाभाष्यम् पतन्जलिमुनि-विरचितं हिंदी व्याख्या सहित
246 ## - VARYING FORM OF TITLE
Title proper/short title Mahābhāṣhyam patanjalimuni-virachitan hiandī vyākhyā sahita
250 ## - EDITION STATEMENT
Edition statement द्वितीय भागः
260 ## - PUBLICATION, DISTRIBUTION, ETC.
Date of publication, distribution, etc. 1998
300 ## - PHYSICAL DESCRIPTION
Extent 556पृ.
Dimensions cm.
942 ## - ADDED ENTRY ELEMENTS (KOHA)
Classification part P15,Cx1,1,2, 152L9
Koha item type Textual
Source of classification or shelving scheme
Holdings
Withdrawn status Lost status Damaged status Not for loan Home library Current library Date acquired Total Checkouts Full call number Barcode Date last seen Price effective from Koha item type
        Central Library Central Library 2022-10-05   P15,Cx1,1,2 152L9 BL0779403 Bra 2022-10-05 2022-10-05 Textual
Copyright @ Delhi University Library System